00288cam a2200109ua 4500041001000000082002000010100002400030245006100054260004600115300001200161504000500173 aengh a823.308bCLA/FA aClarke, Arthur C . aFall of Moondust / cC Arthur Clarke.hTextual Documents a : bUniversity of London Press , c1964. a142 ; . a